000 01121cam a2200301 i 4500
001 4522937
003 EG-ScBUE
005 20250518082301.0
008 990629s1999 nyua f b 001 0 eng d
020 _a0486401804
020 _a9780486401805
040 _aEG-ScBUE
_beng
_erda
_cEG-ScBUE
_dEG-ScBUE
082 0 4 _a531
_222
_bCHA
100 1 _aChadwick, Peter,
_d1931-
_eauthor.
245 1 0 _aContinuum mechanics :
_bconcise theory and problems /
_cP. Chadwick, School of Mathematics and Physics, University of East Anglia, Norwich.
250 _aSecond corrected and enlarged edition.
264 1 _aMineola, New York :
_bDover Publications, INC.,
_c1999.
300 _a187 pages :
_billustrations ;
_c22 cm
336 _2rdacontent
_atext
_btxt
337 _aunmediated
_2rdamedia
_bn
338 _avolume
_bnc
_2rdacarrier
504 _aIncludes bibliographical references and index.
650 7 _aContinuum mechanics.
_2BUEsh
_93193
653 _bGGEN
_bENGGEN
_cMay2018
655 _vReading book
856 4 2 _3Publisher description
_uhttp://www.loc.gov/catdir/description/dover031/99038303.html
942 _2ddc
_cBB
999 _c26729
_d26701